Recommended guide for the prediction of the dispersion of airborne effluents /

Guardado en:
Autor Corporativo: American Society of Mechanical Engineers (ASME). Air Pollution Control Division.
Otros Autores: Martin, John Russell, 1950-, (Editor , ed.)
Formato: Libro
Idioma:English
Publicado: New York : American Society of Mechanical Engineers (ASME), 1979.
Edición:3d ed. /
Materias:
Etiquetas: Agregar Etiqueta
Sin Etiquetas, Sea el primero en etiquetar este registro!
LEADER 00970nam a22002415a 4500
001 EIQ.libpla001048
008 791108s1979####nyua#####b####000#0#eng#d
005 20170207112531.0
245 0 0 |a Recommended guide for the prediction of the dispersion of airborne effluents /  |c sponsored by ASME Air Pollution Control Division. 
250 |a 3d ed. /  |b edited by John R. Martin. 
260 |a New York :  |b American Society of Mechanical Engineers (ASME),  |c 1979. 
300 |a xii, 87 p. :  |b il. ;  |c 26 cm. 
504 |a Bibliografía: p. [87]. 
700 1 |a Martin, John Russell,  |d 1950-,  |e ed.  |4 edt 
710 2 |a American Society of Mechanical Engineers (ASME).  |b Air Pollution Control Division. 
082 0 0 |a 628.5/3/2 
650 4 |a Aire  |x Polución. 
650 4 |a Contaminación del aire  |x Humo. 
650 0 |a Air  |x Pollution. 
650 0 |a Contamination of the air  |x Smoke. 
010 |a  79118480  
040 |a DLC  |c DLC  |d AR-BbSID 
859 |a AR-BbSID  |b BIB. PLAPIQUI  |h 628.532  |i R 245  |p 2878